Most expensive football transfers - 2016-2017 Season - Statistics

General Stats
  • This quiz has been taken 31 times
  • The average score is 8 of 10
Answer Stats
Fee (M €) Nationality Left Joined Player % Correct
105,00 France Juventus Manchester United Paul Pogba
100%
41,20 Senegal Southampton Liverpool Sadio Mané
93%
90,00 Argentina SSC Napoli Juventus Gonzalo Higuaín
89%
45,00 Switzerland Bor. M'gladbach Arsenal Granit Xhaka
86%
52,00 Germany FC Schalke 04 Manchester City Leroy Sané
86%
60,00 Brazil Chelsea Shanghai SIPG Oscar
86%
55,60 England Everton Manchester City John Stones
79%
56,00 Brazil Zenit S-Pb Shanghai SIPG Hulk
75%
42,00 Armenia Borussia Dortmund Manchester United Henrikh Mkhitaryan
68%
44,78 Portugal Sporting CP Inter João Mário
39%
No matching quizzes found
Score Distribution
Percent of People with Each Score
Percentile by Number Answered
Your Score History
You have not taken this quiz